Tariff Passthrough at the Border and at the Store : Evidence from US Trade Policy /

We use micro data collected at the border and at retailers to characterize the effects brought by recent changes in US trade policy - particularly the tariffs placed on imports from China - on importers, consumers, and exporters. We start by documenting that the tariffs were almost fully passed thro...

Popoln opis

Bibliografske podrobnosti
Glavni avtor: Cavallo, Alberto
Drugi avtorji: Gopinath, Gita, Neiman, Brent, Tang, Jenny
Format: Revija
Jezik:English
Izdano: Washington, D.C. : International Monetary Fund, 2019.
Serija:IMF Working Papers; Working Paper ; No. 2019/238
Online dostop:Full text available on IMF
LEADER 02542cas a2200277 a 4500
001 AALejournalIMF016012
008 230101c9999 xx r poo 0 0eng d
020 |c 5.00 USD 
020 |z 9781513518381 
022 |a 1018-5941 
040 |a BD-DhAAL  |c BD-DhAAL 
100 1 |a Cavallo, Alberto. 
245 1 0 |a Tariff Passthrough at the Border and at the Store :   |b Evidence from US Trade Policy /  |c Alberto Cavallo, Gita Gopinath, Brent Neiman, Jenny Tang. 
264 1 |a Washington, D.C. :  |b International Monetary Fund,  |c 2019. 
300 |a 1 online resource (37 pages) 
490 1 |a IMF Working Papers 
500 |a <strong>Off-Campus Access:</strong> No User ID or Password Required 
500 |a <strong>On-Campus Access:</strong> No User ID or Password Required 
506 |a Electronic access restricted to authorized BRAC University faculty, staff and students 
520 3 |a We use micro data collected at the border and at retailers to characterize the effects brought by recent changes in US trade policy - particularly the tariffs placed on imports from China - on importers, consumers, and exporters. We start by documenting that the tariffs were almost fully passed through to total prices paid by importers, suggesting the tariffs' incidence has fallen largely on the United States. Since we estimate the response of prices to exchange rates to be far more muted, the recent depreciation of the Chinese renminbi is unlikely to alter this conclusion. Next, using product-level data from several large multi-national retailers, we demonstrate that the impact of the tariffs on retail prices is more mixed. Some affected product categories have seen sharp price increases, but the difference between affected and unaffected products is generally quite modest, suggesting that retail margins have fallen. These retailers' imports increased after the initial announcement of possible tariffs, but before their full implementation, so the intermediate passthrough of tariffs to their prices may not persist. Finally, in contrast to the case of foreign exporters facing US tariffs, we show that US exporters lowered their prices on goods subjected to foreign retaliatory tariffs compared to exports of non-targeted goods. 
538 |a Mode of access: Internet 
700 1 |a Gopinath, Gita. 
700 1 |a Neiman, Brent. 
700 1 |a Tang, Jenny. 
830 0 |a IMF Working Papers; Working Paper ;  |v No. 2019/238 
856 4 0 |z Full text available on IMF  |u http://elibrary.imf.org/view/journals/001/2019/238/001.2019.issue-238-en.xml  |z IMF e-Library